• 首页
  • 本馆介绍
  • 公告通知
  • 最新文献
  • 馆藏检索
  • 电子资源
  • 读者荐购
  • 参考咨询
  • CALIS
  • 我的图书馆
  • 登录
  • 详细信息显示
  • 放入我的书架
  • 预约/预借图书
  • 作者相关作品
  • 分类相关作品
  • 丛书相关作品
  • 出版社相关作品

书目信息

  • 表格格式
  • 工作单格式
  • 卡片格式
题名:
河南经济普查年鉴
    
 
作者: 柳永奇 主编 ;河南省第一次全国经济普查领导小组办公室 编
分册: 2004  
出版信息: 北京   中国统计出版社  2006.08
页数: 12, 983页
开本: 30cm
丛书名:
单 册:
中图分类: F127.61-54
科图分类:
主题词: 经济--jing ji--普查--河南省--2004--年鉴
电子资源:
ISBN: 7-5037-5070-7
 
 
 
 
 
000 01235nam0 2200277 450
001 012008686837
005 20080512160548.10
010    @a7-5037-5070-7@b精装@dCNY298.00 (含光盘)
010    @a7-900161-97-X@b光盘
100    @a20080510d2006 em y0chiy0120 ea
101 0  @achi
102    @aCN@b110000
105    @ay z 000yy
106    @ar
200 1  @a河南经济普查年鉴@Ahe nan jing ji pu cha nian jian@d= Henan economic census yearbook@h2004@f河南省第一次全国经济普查领导小组办公室编@Fhe nan sheng di yi ci quan guo jing ji pu cha ling dao xiao zu ban gong shi bian@zeng
210    @a北京@c中国统计出版社@d2006.08
215    @a12, 983页@d30cm@e光盘1片
314    @a责任者取自书中题 : 柳永奇主编
330    @a本年鉴是河南省第一次经济普查的成果,本书为河南省2004年度经济普查汇总数和分专业主要数据。全书分综合篇、第二产业篇及第三产业篇三个部分。
510 1  @aHenan economic census yearbook@zeng
606 0  @a经济@Ajing ji@x普查@y河南省@z2004@j年鉴
690    @aF127.61-54@v4
701  0 @a柳永奇@Aliu yong qi@4主编
712 02 @a河南省第一次全国经济普查领导小组办公室@Ahe nan sheng di yi ci quan guo jing ji pu cha ling dao xiao zu ban gong shi@4编
801  0 @aCN@bQSSK@c20080512
905    @b710075@dF127.61-54@eL758@f1
    
    河南经济普查年鉴= Henan economic census yearbook.2004/河南省第一次全国经济普查领导小组办公室编.-北京:中国统计出版社,2006.08
    12, 983页;30cm+光盘1片
    
    
    ISBN 7-5037-5070-7(精装):CNY298.00 (含光盘)
    本年鉴是河南省第一次经济普查的成果,本书为河南省2004年度经济普查汇总数和分专业主要数据。全书分综合篇、第二产业篇及第三产业篇三个部分。
●
相关链接 在E读中查询图书 在当当中查询图书 在豆瓣中查询图书


正题名:河南经济普查年鉴     索取号:F127.61-54/L758         预约/预借

序号 登录号 条形码 馆藏地/架位号 状态 备注
1 710075   207100750   社科库409/409社科库 71排1列1层/ [索取号:F127.61-54/L758] 在馆    
河南城建学院图书馆 欢迎您!
大连网信软件有限公司© 版权所有